000 03083nam0a2200385 4500
001 RU\NLR\bibl\1387332
005 20260407143723.0
010 _a978-5-246-00980-2
021 _aRU
_b2009-34256
_92063
035 _a(NLR Aleph) 001379391
090 _a1092277
_c1092277
100 _a20090626d2009 |||y0rusy50 ca
101 0 _arus
102 _aRU
105 _aa |||||||||
200 1 _aБизнеc-карта-2009.[Промышленность. Отрасль. Деловая Россия. Деловые справочники] Т. 4
_iТекстильная, швейная и обувная промышленность. Товары для дома: ткани, пряжа, ковры. Одежда, белье. Головные уборы. Обувь, изделия из кожи. Сувениры. Игры. Игрушки. Ювелирные изделия. Спорттовары, Россия и другие страны СНГ
_fАгентство деловой информации [Бизнес-карта]
210 _aМосква
_cАгентство деловой информации "Бизнес-карта"
_d2009
215 _a750, [1] с.
_cил.
_d29
300 _aЗагл. обл.: Текстильная, швейная и обувная промышленность. Товары для дома: ткани, пряжа, ковры. Одежда, белье. Головные уборы. Обувь, изделия из кожи. Сувениры. Игры. Игрушки. Ювелирные изделия. Спорттовары, СНГ
300 _aЗагл. корешка: СНГ, Текстильная, швейная и обувная промышленность. Товары для дома
320 _aУказатели: с. 651-750
512 1 _aТекстильная, швейная и обувная промышленность. Товары для дома: ткани, пряжа, ковры. Одежда, белье. Головные уборы. Обувь, изделия из кожи. Сувениры. Игры. Игрушки. Ювелирные изделия. Спорттовары, СНГ
516 1 _aСНГ, Текстильная, швейная и обувная промышленность. Товары для дома
606 1 _aТекстильная промышленность
_jБизнес-карты
_yСтраны СНГ
_92117413
_3RU\NLR\auth\661279004
606 1 _aШвейная промышленность
_jБизнес-карты
_yСтраны СНГ
_92117415
_3RU\NLR\auth\661279005
606 1 _aОбувная промышленность
_jБизнес-карты
_yСтраны СНГ
_92117405
_3RU\NLR\auth\661279000
686 _aУ30(2)64я2
686 _aУ30(2)65я2
686 _aУ30(2)66я2
712 0 2 _4570
_a"Бизнес-карта", агентство деловой информации
_cМосква
_3RU\NLR\AUTH\8810016251
_9530346
801 0 _aRU
_bNLR
_c20090626
_gRCR
801 1 _aRU
_bNLR
_c20090626
942 _cBOOK
980 _aNB